00320pab a2200121 454500008004000000100002200040245005400062260000900116300001200125362001100137650001300148773003700161180718b2000 xxu||||| |||| 00| 0 eng d aCriswell, Eleanor aThe humanistic tradition: a vision for the future c2000 ap.74-82 aSummer aHumanism aJournal of Humanistic Psychology